000 01272nam a2200361Ia 4500
001 Z_6780
003 CHAP
005 20251028095048.0
008 220113s2015 xx 000 0 und d
010 _a170058
040 _cCHAP
090 _aTesis C37 2450
100 _aCárdenas Ramírez, Lino Rigoberto
_9129400
245 _aComportamiento productivo y características de la canal de ovinos suplementados con selenio /
_cLino Rigoberto Cárdenas Ramírez
260 _aMéxico :
_bEl autor,
_c2015
300 _aCD
502 _aTesis (Maestro en Ciencias en Innovación Ganadera)-- UACh, 2015 \ Dirección: Carlos Sánchez del Real; asesoría: Luis Alberto Miranda Romero y José Artemio Cadena Meneses
650 _aCarne
_919053
650 0 _aCorderos
_9142611
650 _aFermentación ruminal
_9138427
650 _aGanado ovino
_9139065
650 _aSelenio
_9103791
650 _aSuero
_9110585
700 1 _a Cadena Meneses, José Artemio
_9142550
700 1 _a Miranda Romero, Luis Alberto
_9142242
700 _aSánchez del Real, Carlos, director
_9139076
856 4 2 _uhttp://10.13.5.2/tesis/sist111527.pdf
_yDescargar PDF
901 _aTESIS C37 2450
902 _aA
910 _a2015
942 _c2
_2ddc
942 _c2
_2ddc
999 _c170058
_d170058